• 首页
  • 本馆介绍
  • 公告通知
  • 最新文献
  • 馆藏检索
  • 电子资源
  • 读者导购
  • 参考咨询
  • 我的图书馆
  • 登录
  • 详细信息显示
  • 放入我的书架
  • 预约/预借图书
  • 作者相关作品
  • 分类相关作品
  • 丛书相关作品
  • 出版社相关作品

书目信息

  • 表格格式
  • 工作单格式
  • 卡片格式
题名:
危险品事故抢险救援手册
    
 
作者: 高政鸿 编著
分册:  
出版信息: 北京   中国人民公安大学出版社  2002.12
页数: 443页
开本: 21cm
丛书名:
单 册:
中图分类: U294.8-62
科图分类:
主题词: 危险货物运输--铁路运输--交通运输事故--手册 , 铁路运输--危险货物运输--交通运输事故--手册 , 交通运输事故--危险货物运输--铁路运输--手册
电子资源:
ISBN: 7-81087-172-2
000 00815nam0 2200241 450
001 012006000000
005 20070604083144.39
010    @a7-81087-172-2@dCNY38.00
100    @a20070307d2002 em y0chiy0110 ea
101 0  @achi
102    @aCN@b110000
105    @ay z 000yy
200 1  @a危险品事故抢险救援手册@AWei Xian Pin Shi Gu Qiang Xian Jiu Yuan Shou Ce@f高政鸿编著@FGao Zheng Hong Bian Zhu
210    @a北京@c中国人民公安大学出版社@d2002.12
215    @a443页@c图@d21cm
606    @a危险货物运输@x铁路运输@x交通运输事故@j手册
606    @a铁路运输@x危险货物运输@x交通运输事故@j手册
606    @a交通运输事故@x危险货物运输@x铁路运输@j手册
690    @aU294.8-62@v4
701  0 @a高政鸿@AGao Zheng Hong@4编著
801  0 @aCN@bBJSWSY@c20070604
905    @aBZT@dU294.8-62@e1
906    @dCNY38.00@n0@r1
    
    危险品事故抢险救援手册/高政鸿编著.-北京:中国人民公安大学出版社,2002.12
    443页:图;21cm
    
    
    ISBN 7-81087-172-2:CNY38.00
    
●
相关链接 在五车中查询图书 在当当中查询图书 在豆瓣中查询图书


正题名:危险品事故抢险救援手册     索取号:U294.8-62/1         预约/预借

序号 登录号 条形码 馆藏地/架位号 状态 备注
1 538499   230126961   中心书库北库/ 北库040架A面3列1层2/ [索取号:U294.8-62/1] 在馆    
2 538500   230126960   中心书库北库/ 北库040架A面3列1层1/ [索取号:U294.8-62/1] 在馆    
3 538501   230126959   中心书库北库/ 北库040架A面3列1层10/ [索取号:U294.8-62/1] 在馆    
4 538502   230126958   中心书库北库/ 北库040架A面3列1层3/ [索取号:U294.8-62/1] 在馆    
5 538503   230126957   中心书库北库/ 北库040架A面3列1层8/ [索取号:U294.8-62/1] 在馆    
6 538504   230126956   中心书库北库/ 北库040架A面3列1层9/ [索取号:U294.8-62/1] 在馆    
7 538505   230126955   中心书库北库/ 北库040架A面3列1层7/ [索取号:U294.8-62/1] 在馆    
8 538506   230126954   中心书库北库/ 北库040架A面3列1层6/ [索取号:U294.8-62/1] 在馆    
9 538507   230126953   中心书库北库/ 北库040架A面3列1层5/ [索取号:U294.8-62/1] 在馆    
10 538508   230126952   中心书库北库/ 北库040架A面3列1层4/ [索取号:U294.8-62/1] 在馆    
山东省滨州职业学院图书馆 欢迎您!
大连网信软件有限公司© 版权所有